All-NBA Second Team Players since 1956 - Statistics

General Stats
  • This quiz has been taken 77 times
    14 since last reset
  • The average score is 87 of 166
Answer Stats
Years Player % Correct
2018,2019,2021,2022 Joel Embiid
100%
2005,2007,2021,2025 LeBron James
100%
2014,2017,2022,2023,2025 Stephen Curry
100%
2006,2008,2009 Tim Duncan
100%
2016,2019,2020,2021 Damian Lillard
92%
1980 Dennis Johnson
92%
2017,2018 Giannis Antetokounmpo
92%
1965,1966,1970,1971 Gus Johnson
92%
2003 Jason Kidd
92%
1968,1969 Jerry West
92%
1988,2000 Karl Malone
92%
2016,2017,2019,2022,2024 Kevin Durant
92%
1989,1990,1991,1994 Kevin Johnson
92%
1993 Larry Johnson
92%
1982 Magic Johnson
92%
1980,1981 Marques Johnson
92%
1980,1981,1984,1987 Moses Malone
92%
2020,2023 Nikola Jokić
92%
2009 Paul Pierce
92%
2011,2012,2013,2015,2018 Russell Westbrook
92%
1992,1997 Scottie Pippen
92%
1995,1999 Shaquille O'Neal
92%
2008,2010 Steve Nash
92%
1986 Alvin Robertson
83%
2024 Anthony Davis
83%
2009,2015,2016,2020,2021 Chris Paul
83%
1994,1998 David Robinson
83%
2002,2003,2008,2010,2011 Dirk Nowitzki
83%
2023 Donovan Mitchell
83%
2014 Dwight Howard
83%
2005,2006,2011 Dwyane Wade
83%
1986,1990,1996 Hakeem Olajuwon
83%
2004 Jermaine O'Neal
83%
2001,2002,2005 Kevin Garnett
83%
2000,2001 Kobe Bryant
83%
2013 Marc Gasol
83%
1985 Michael Jordan
83%
1970,1971 Oscar Robertson
83%
2011,2015 Pau Gasol
83%
2005 Ray Allen
83%
2012,2013,2014 Tony Parker
83%
1978,1979 Walter Davis
83%
1963,1965,1972 Wilt Chamberlain
83%
2000,2002,2005 Allen Iverson
75%
2024,2025 Anthony Edwards
75%
1983 Buck Williams
75%
2018,2022 DeMar DeRozan
75%
2008,2010 Deron Williams
75%
1980 Gus Williams
75%
1983,1987 | 2017 Isiah Thomas
75%
1956 Jack George
75%
2024,2025 Jalen Brunson
75%
2023 Jaylen Brown
75%
1988,1989,1990,1992,1993,1996 John Stockton
75%
1970,1978,1979,1983,1985 Kareem Abdul-Jabbar
75%
2003,2004,2006 Ben Wallace
67%
1958,1960,1961,1962,1964,1966,1967,1968 Bill Russell
67%
1986,1987,1992,1994,1995 Charles Barkley
67%
1999,2002,2003 Chris Webber
67%
1973,1974,1976 Elvin Hayes
67%
1995,1996,1997,1999 Gary Payton
67%
2022 Ja Morant
67%
1977,1984 Julius Erving
67%
2019,2020,2024 Kawhi Leonard
67%
2019 Kyrie Irving
67%
1990 Larry Bird
67%
2001,2004,2007 Tracy McGrady
67%
1971,1973 Walt Frazier
67%
1972 Billy Cunningham
58%
1962, 1963 Bob Cousy
58%
1965 Bob Pettit
58%
2010,2013 Carmelo Anthony
58%
2006 Chauncey Billups
58%
2007 Chris Bosh
58%
2016 Draymond Green
58%
2023 Jimmy Butler
58%
1993 Joe Dumars
58%
1975,1977 Jo Jo White
58%
2004 Peja Stojaković
58%
1965,1966,1967 Sam Jones
58%
1967,1968,1969,1971 Willis Reed
58%
2005,2008,2010,2011 Amar'e Stoudemire
50%
1982 Bernard King
50%
2012,2013,2014 Blake Griffin
50%
1988,1991 Clyde Drexler
50%
1973,1975,1976 Dave Cowens
50%
2001 Dikembe Mutombo
50%
1987,1988,1991,1993 Dominique Wilkins
50%
2025 Evan Mobley
50%
1977,1983 George Gervin
50%
1997 Glen Rice
50%
1988,1989,1991,1992,1993,1997 Patrick Ewing
50%
1976 Phil Smith
50%
1976 Randy Smith
50%
1973 Rick Barry
50%
1982 Robert Parish
50%
2017 Rudy Gobert
50%
1994,1995,1996 Shawn Kemp
50%
2001 Vince Carter
50%
2007,2009 Yao Ming
50%
1982,1983,1986 Alex English
42%
2000 Alonzo Mourning
42%
1977 Bill Walton
42%
1971,1972 Bob Love
42%
1974 Bob McAdoo
42%
1996,1998,1999,2000 Grant Hill
42%
1963,1964,1965,1966,1967,1968,1969 Hal Greer
42%
1964,1966,1968-1969,1970,1975, 1976 John Havlicek
42%
2012,2014 Kevin Love
42%
1994,1995,1997 Mitch Richmond
42%
1992,1998,1999 Tim Hardaway
42%
1974 Dave Bing
33%
1969 Dave DeBusschere
33%
2015,2016 DeMarcus Cousins
33%
1956,1959,1960,1961 Dolph Schayes
33%
1964,1967 Jerry Lucas
33%
2021 Julius Randle
33%
1978 Maurice Lucas
33%
1959 Paul Arizin
33%
1982,1984,1985,1986 Sidney Moncrief
33%
1956,1957,1958,1959 Slater Martin
33%
2012 Andrew Bynum
25%
1955, 1960 Bill Sharman
25%
1979 Bob Dandridge
25%
1989,1991 Chris Mullin
25%
2006 Elton Brand
25%
1957 George Yardley
25%
2007 Gilbert Arenas
25%
1960,1962 Jack Twyman
25%
2015,2018 LaMarcus Aldridge
25%
1972,1981 Nate Archibald
25%
1957 Neil Johnston
25%
2020 Pascal Siakam
25%
1973,1978 Pete Maravich
25%
1959,1960,1962 Richie Guerin
25%
1985 Terry Cummings
25%
1981,1984 Adrian Dantley
17%
1963 Bailey Howell
17%
1977 George McGinnis
17%
1978 Paul Westphal
17%
2004 Sam Cassell
17%
1989,1990 Tom Chambers
17%
1961,1962,1963,1964 Tom Heinsohn
17%
1979 World B. Free
17%
1958,1959 Cliff Hagan
8%
1956 Clyde Lovellette
8%
1987 Fat Lever
8%
1961 Gene Shue
8%
1974 Norm Van Lier
8%
1979 Phil Ford
8%
1985 Ralph Sampson
8%
1974,1975 Spencer Haywood
8%
1972 Archie Clark
0%
2009 Brandon Roy
0%
1980 Dan Roundfield
0%
1957 Dick Garmaker
0%
1984 Jim Paxson
0%
1851 Larry Costello
0%
1970 Lou Hudson
0%
1956,1957,1958 Maurice Stokes
0%
1981 Otis Birdsong
0%
1975 Phil Chenier
0%
1998 Rod Strickland
0%
1958 Tom Gola
0%
1998 Vin Baker
0%
No matching quizzes found
Score Distribution
Percent of People with Each Score
Percentile by Number Answered
Your Score History
You have not taken this quiz since the last reset